000 01056nas a2200325 4500
001 BR9903529
003 BR-BrBNA
005 20231205101508.0
007 ta
008 230509b bl.|||p| |||| 00| 00por d
040 _aBR-BrBNA
_bpor
_cBiblioteca Nacional de Agricultura
041 _a(Pt)
072 _aK10
100 1 _aJardim, F.C. da S.
100 1 _aSouza, A.L. de
100 1 _aSilva, A.F. da
100 1 _aBarros, N.F. de
100 1 _aSilva, E.
100 1 _aMachado, C.C.
245 1 _aDinamica da vegetacao arborea com DAP menor que 5,0 centimetros: comparacao entre grupos funcionais e ecofisiologicos na Estacao Experimental de Silvicultura Tropical do INPA, Manaus-AM
650 _aVegetacao
650 _aFloresta
650 _aSilvicultura
650 _aDesbaste
650 _aAnelagem
650 _aAmazonas
773 0 _tBoletim da Faculdade de Ciencias Agrarias do Para (Brazil)
_xISSN 0100-2694
_g(Jul-Dec 1996), (no. 26) p. 31-52
_wBR9903529
909 _a202311
_bLúcia
_c55
_dLúcia Elande
942 _2AGRIS
_n0
_cANA
999 _c162189
_d162189